Faculty of Law Library — Cairo University

Official Online Catalog

الحماية الجنائية للآثار والتراث الثقافي (دراسة مقارنة) / (Record no. 60939)

MARC details
000 -LEADER
fixed length control field 05285nam a2200469 i 4500
003 - CONTROL NUMBER IDENTIFIER
control field EG-GICUC
005 - أخر تعامل مع التسجيلة
control field 20260204160136.0
008 - FIXED-LENGTH DATA ELEMENTS--GENERAL INFORMATION
fixed length control field 260204s2025 ua |||f m||| 00| 0 ara d
040 ## - CATALOGING SOURCE
Original cataloguing agency EG-GICUC
Transcribing agency EG-GICUC
Modifying agency EG-GICUC
Description conventions rda
Language of cataloging: ara
041 0# - LANGUAGE CODE
Language code of text/sound track or separate title ara
049 ## - Acquisition Source
Acquisition Source إهداء
082 04 - DEWEY DECIMAL CLASSIFICATION NUMBER
Classification number 343.112282062
Edition number 21
097 ## - Degree
Degree Ph.D
099 ## - LOCAL FREE-TEXT CALL NUMBER (OCLC)
Local Call Number Law 10 PHD 2025
100 0# - MAIN ENTRY--PERSONAL NAME
Authority record control number or standard number عز العرب محمود السيد عبد الجليل
Preparation مؤلف.
245 10 - TITLE STATEMENT
Title الحماية الجنائية للآثار والتراث الثقافي (دراسة مقارنة) /
Statement of responsibility, etc. إعداد عز العرب محمود السيد عبد الجليل؛ إشراف الأستاذ الدكتور طارق أحمد فتحي سرور.
264 #0 - PRODUCTION, PUBLICATION, DISTRIBUTION, MANUFACTURE, AND COPYRIGHT NOTICE
Place of production, publication, distribution, manufacture القاهرة:
Name of producer, publisher, distributor, manufacturer كلية الحقوق- جامعة القاهرة،
Date of production, publication, distribution, manufacture, or copyright notice 2025.
300 ## - PHYSICAL DESCRIPTION
Extent 455صفحة؛
Dimensions 25 سم.
336 ## - CONTENT TYPE
Content type term text
Source rda content
337 ## - MEDIA TYPE
Media type term Computer
Source rda media
338 ## - CARRIER TYPE
Carrier type term Online Resource
Source rda carrier
500 ## - General note
General note رسائل نسخة منفردة
500 ## - General note
General note تحتوي علي صفحة عنوان وملخص باللغة الإنجليزية
502 ## - DISSERTATION NOTE
Dissertation note أطروحة (دكتوراة)- جامعة القاهرة، كلية الحقوق، قسم القانون الجنائي، 2025.
504 ## - BIBLIOGRAPHY, ETC. NOTE
Bibliography, etc. note ببليوجرافيا: صفحات 425-442
520 3# - SUMMARY, ETC.
Summary, etc. قد تناول بحثنا هذا أحد وأهم الموضوعات القانونية والتي مازالت تحتاج الكثير والمزيد من البحث من الفقهاء والباحثين لهذا الموضوع.<br/>وقد تناول هذا البحث الحماية الجنائية للآثار دراسة مقارنة مستهلين عن إيجاد حلول كافية لحماية التراث الأثري والحضاري وإلقاء الضوء المخاطر الاعتداء على الآثار الأثري والحضاري وإلقاء الضوء لمخاطر الاعتداء على الآثار والحث على أهمية الممتلكات الثقافية والأثرية والحفاظ عليها وزيادة الوعي والإدراك لمفهوم جرائم الآثار والتطور التاريخي للحماية القانونية للتراث الثقافي والأثري، وقد بدأ النظام القانوني لحماية الآثار منذ زمن بعيد يمتد إلى أكثر من مائة وخمسين عاماً عقب نشأة الدولة المصرية الحديثة في القرن التاسع عشر من خلال مرسوم 15 أغسطس لسنة ۱۸۳٥ في شأن إجراءات حماية الآثار ثم صدرت لائحة الأشياء الأثرية عام ١٨٦٩ ثم لائحة الآثار عام ١٨٧٤ والتي تميزت هذه اللائحة بوضع قواعد لتنظيم الآثار المصرية على نمط التشريعات الحديثة ثم تعاقبت بعد ذلك بوضع قواعد لتنظيم الآثار المصرية على نمط التشريعات الحديثة ثم تعاقبت بعد ذلك إصدار المراسيم والقوانين واللوائح التي تؤكد على حظر تصدير الآثار وحمايتها واستمرار من الدولة من سياستها للحفاظ على الآثار صدر القانون رقم ١٤ لسنة ۱۹۱۲ وهو بعد أول قانون لحماية الآثار بصورة شاملة ثم صدر القانون رقم ٢١٥ لسنة ١٩٥١ وكان عنوان حماية الآثار وصولاً إلى صدور القانون رقم ۱۱۷ لسنة ۱۹۸۳ بشأن قانون حماية الآثار وتعديلاته التي ألحقت به القانون رقم 3 لسنة ۲۰۱۰ والقانون رقم ٦١ لسنة ۲۰۱۰ والقانون رقم ۹۱ لسنة ۲۰۱۸ والقانون رقم ۲۰ لسنة ٢٠٢٠م. كما شمل هذا البحث الأحكام العامة للحماية الجنائية الموضوعية والإجرائية للآثار،<br/><br/>وكشف مصادر الحماية الجنائية للآثار، ودراسة حماية التراث الثقافي والأثري في التشريعات الوطنية وفي المعاهدات الدولية.
546 ## - LANGUAGE NOTE
Text Language الملخص باللغة العربية
650 04 - SUBJECT ADDED ENTRY--TOPICAL TERM
Topical term or geographic name entry element القانون الجنائي
653 ## - INDEX TERM--UNCONTROLLED
Uncontrolled term مخاطر الإعتداء علي الآثار
653 ## - INDEX TERM--UNCONTROLLED
Uncontrolled term أهمية الممتلكات الثقافية والأثرية
653 ## - INDEX TERM--UNCONTROLLED
Uncontrolled term حظر تصدير الأثار وحمايتها
653 ## - INDEX TERM--UNCONTROLLED
Uncontrolled term مصادر الحماية الجنائية للأثار
653 ## - INDEX TERM--UNCONTROLLED
Uncontrolled term حماية التراث الأثري والطبيعي في المعاهدات الدولية
653 ## - INDEX TERM--UNCONTROLLED
Uncontrolled term التطور التاريخي للحماية القانونية للتراث الثقافي والأثري
655 #4 - INDEX TERM--GENRE/FORM
Genre/form data or focus term رسائل جامعية
Geographic subdivision جامعة القاهرة
General subdivision القانون الجنائي
700 0# - ADDED ENTRY--PERSONAL NAME
Personal name طارق أحمد فتحي سرور
Relator term مشرف.
710 2# - ADDED ENTRY--CORPORATE NAME
Corporate name or jurisdiction name as entry element جامعة القاهرة.
Subordinate unit كلية الحقوق
856 ## - ELECTRONIC LOCATION AND ACCESS
Uniform Resource Identifier <a href="https://fll.law.cu.edu.eg/fulltext/th/T10-04300.pdf">https://fll.law.cu.edu.eg/fulltext/th/T10-04300.pdf</a>
900 ## - Thesis Information
Grant date 2025
Universities جامعة القاهرة
Faculties كلية الحقوق
Department قسم القانون الجنائي
905 ## - Cataloger and Reviser Names
Cataloger Name: Hoda
942 ## - ADDED ENTRY ELEMENTS (KOHA)
Source of classification or shelving scheme Dewey Decimal Classification
Koha item type Thesis
Edition 21
Suppress in OPAC No
Holdings
Source of classification or shelving scheme Collection Home library Current library Date acquired Full call number Barcode Date last seen Copy number Effective from Koha item type
Dewey Decimal Classification القانون الجنائي جــــامعة القــاهرة مكتبة كلية الحقوق - المبنى الرئيسي 04.02.2026 Law1 10 PHD 2025 1004300 C1 T10-04300 04.02.2026 1 04.02.2026 Thesis
Dewey Decimal Classification القانون الجنائي جــــامعة القــاهرة مكتبة كلية الحقوق - المبنى الرئيسي 04.02.2026 Law1 10 PHD 2025 1004301 C2 T10-04301 04.02.2026 2 04.02.2026 Thesis
Dewey Decimal Classification القانون الجنائي جــــامعة القــاهرة مكتبة كلية الحقوق - فـرع الشيخ زايد 04.02.2026 Law2 10 PHD 2025 1004302 C3 T10-04302 04.02.2026 3 04.02.2026 Thesis

© All rights reserved — Faculty of Law, Cairo University